Tilastot visalle Saksan osavaltiot

Klikkaa tästä pelataksesi tätä visaa!

Yleistilastot

  • Tätä visaa on pelattu 781 kertaa
  • Keskiarvotulos 9 / 16

Vastaukset kartalla

Vastauksille on annettu kartalla punavihreä väri sen mukaan, kuinka moni on saanut sen oikein.
 

Vastaustilastot

Osavaltio% Oikein
Berliini
91%
Hampuri
77%
Baijeri
75%
Bremen
62%
Saksi
60%
Ala-Saksi
56%
Brandenburg
54%
Saarland
52%
Schleswig-Holstein
51%
Baden-Württemberg
50%
Hessen
49%
Mecklenburg-Etu-Pommeri
45%
Nordrhein-Westfalen
44%
Rheinland-Pfalz
42%
Thüringen
42%
Saksi-Anhalt
41%

Tulosjakauma

Persentiili vastausten määrän mukaan

Jokaisen tuloksen saaneiden osuus

Tuloshistoriasi

Et ole pelannut tätä visaa